000 00944nam a2200253 a 4500
001 77770
003 BD-RjUL
005 20211209083023.0
008 210107s2004 qu ||||| |||| 00| 0 ara d
020 _a٩٧٧٥٢٢٧٠٦٨٢
020 _a97752270682 :
_c100.00
035 _a(BD-RjUL)77996
040 _aBD-RjUL
_beng
_cBD-RjUL
041 _aara
082 _223
_a297.35
_bQUM 2004
100 1 _aIbn Qudama, Abdullah bin Ahmed . ابن قدامة، عبد الله بن أحمد،
_9243393
245 1 4 _aالمغني Al-mugni /
_c by ابن قدامة، عبد الله بن أحمد،; ابن قدامة، عبد الرحمن بن محمد بن أحمد Abdullah bin Ahmed bin Qudama
260 _aAl-Qahera : الرياض : القاهرة :
_bDarul Hadith ,دار الحديث
_c١٤٢٥ [2004]
300 _a16 v. ;
_c24*17 cm
500 _aIncludes Index
505 _aVol. 1-16
650 _amugni
_9243394
942 _2ddc
_cBK
999 _c77770
_d77770